Score 0/15 Timer 04:00
3 Plays Today
% Correct
Santa Claus
99.4%
Mario
95.7%
Cat in the Hat
93.6%
Tin Man
91.7%
Sherlock Holmes
91.4%
Uncle Sam
88.5%
Pope
88.2%
Peter Pan/Robin Hood
86.3%
% Correct
Abraham Lincoln
79.3%
Indiana Jones
75.7%
Davy Crockett...
73.8%
Zorro
72.5%
Mad Hatter
70.5%
The Man with the Yellow Hat
48%
Meg Griffin
32.9%
Remove Ads.
Support Sporcle.
Get the best of Sporcle when you Go Orange. This ad-free experience offers more features, more stats, and more fun while also helping to support Sporcle. Thank you for becoming a member.

You're not logged in!

Compare scores with friends on all Sporcle quizzes.
OR
Log In

Show Comments

Extras

Top Quizzes Today


Score Distribution

Your Account Isn't Verified!

In order to create a playlist on Sporcle, you need to verify the email address you used during registration. Go to your Sporcle Settings to finish the process.

Report this User

Report this user for behavior that violates our Community Guidelines.

Details: